Foreign investment promotion governance and implementation in Central-Eastern European regions

Podrobná bibliografia
Hlavný autor: Capik, Paweł (Autor)
Médium: Kniha
Jazyk:angličtina
Fyzický popis:xx, 250 strán grafy, ilustrácie, mapy, schémy, tabuľky 22 cm
Vydavateľské údaje: Cham Palgrave Macmillan [2019]
ISBN:9783030136574
9783030136581
Predmet:

MARC

LEADER 00000nam a2200000 4500
001 vtls011913970
003 SK-MaSNL
005 20260426013355.0
008 200129s2019 sz dab frn 011 0 eng
015 |a SNBZSA2021/09 
020 |a 9783030136574  |q (viazané) 
020 |a 9783030136581  |q (eBook) 
040 |a SNK  |b slo  |c SNK  |e rda 
041 0 |a eng 
043 |a e-pl---  |a e-xr---  |a e-xo--- 
044 |a sz  |c CH 
072 7 |a 339.7/.9  |x Svetová ekonomika a medzinárodné financie  |2 konspekt 
080 |a 339.727.22  |2 2011 
080 |a 658.114-027.543  |2 2011 
080 |a (438)  |2 2011 
080 |a (048.8)  |2 2011 
080 |a (082)  |2 2011 
080 |a (437.3)  |2 2011 
080 |a (437.6)  |2 2011 
100 1 |a Capik, Paweł  |4 aut  |9 211390 
245 1 0 |a Foreign investment promotion  |b governance and implementation in Central-Eastern European regions  |c Paweł Capik 
264 1 |a Cham  |b Palgrave Macmillan  |c [2019] 
264 4 |c ©2019 
300 |a xx, 250 strán  |b grafy, ilustrácie, mapy, schémy, tabuľky  |c 22 cm 
336 |a text  |b txt  |2 rdacontent 
337 |a bez média  |b n  |2 rdamedia 
338 |a zväzok  |b nc  |2 rdacarrier 
500 |a Obsahuje profesijné údaje o autorovi na strane ix 
504 |a Bibliografia za jednotlivými kapitolami ; register 
650 0 7 |a zahraničné investície  |2 SNKPH  |9 2650 
650 0 7 |a medzinárodné podnikanie  |2 SNKPH  |9 247474 
650 0 7 |a Foreign investments  |2 SNKPHeng  |9 326994 
650 0 7 |a International business  |2 SNKPHeng  |9 302916 
651 7 |a Poľsko  |2 SNKPHgeo  |9 16755 
651 7 |a Česko  |2 SNKPHgeo  |9 16753 
651 7 |a Slovensko  |2 SNKPHgeo  |9 14231 
651 7 |a Poland  |2 SNKPHeng  |9 265193 
651 7 |a Czechia  |2 SNKPHeng  |9 170107 
651 7 |a Slovakia  |2 SNKPHeng  |9 92630 
655 7 |a štúdie  |2 SNKPH  |9 57033 
655 7 |a zborníky  |2 SNKPH  |9 70165 
655 7 |a Studies  |2 SNKPHeng  |9 265573 
655 7 |a Papers by one author  |2 SNKPHeng  |9 155030 
919 |a 978-3-030-13657-4 
919 |a 978-3-030-13658-1 
958 |a ZS 
958 |a NB 
958 |a CZ 
958 |a PL 
999 |c 1121518  |d 1123448 
952 |a SNK  |b SNK  |y PREZ  |7 0  |p 17A1448668  |o snkSC 191813  |i snk2021/1012  |8 4  |g 110.23  |0 0  |1 0  |4 0  |d 2020-01-29  |f 1  |l 0  |r 2025-10-08 00:00:00  |w 2026-02-24